| 000 | 01061nam a2200229Ia 4500 | ||
|---|---|---|---|
| 003 | Ost | ||
| 005 | 20260507075652.0 | ||
| 008 | 260507s9999||||xx |||||||||||||| ||und|| | ||
| 040 | _cfsecg | ||
| 041 | _aara | ||
| 082 | _a658.4038011 | ||
| 100 |
_aمرسى، نبيل محمد _eمؤلف |
||
| 245 | 0 |
_aالتقنيات الحديثة للمعلومات / _c نبيل محمد مرسى |
|
| 260 |
_aالإسكندرية: _bدار الجامعة الجديدة للنشر, _c2005 |
||
| 300 |
_a400 صفحة؛ _bإيضاحات ؛ _c24 سم |
||
| 504 | _aالمراجع ص.400 | ||
| 520 | _aمقدمة في نظم المعلومات الإدارية- تكنولوجي المعلومات- تصميم وتحليل وتخطيط نظم المعلومات- تنظيم ومراقبة نظم المعلومات الإدارية- تقنيات نظم المعلومات الإدارية. | ||
| 653 | _aالتقنيات الحديثة | ||
| 653 | _aتكنولوجيا المعلومات | ||
| 653 | _aنظم المعلومات الإدارية | ||
| 942 | _cكتاب | ||
| 999 |
_c45625 _d45625 |
||